Principles of molecular photochemistry : (Record no. 10040)

MARC details
000 -LEADER
fixed length control field 00557nam a2200205Ia 4500
005 - DATE AND TIME OF LATEST TRANSACTION
control field 20260122095518.0
008 - FIXED-LENGTH DATA ELEMENTS--GENERAL INFORMATION
fixed length control field 260121s9999||||xx |||||||||||||| ||und||
020 ## - INTERNATIONAL STANDARD BOOK NUMBER
International Standard Book Number 9781891389573
082 ## - DEWEY DECIMAL CLASSIFICATION NUMBER
Classification number 541.35
Item number TUR
100 ## - MAIN ENTRY--PERSONAL NAME
Personal name Turro, Nicholas J.
245 #0 - TITLE STATEMENT
Title Principles of molecular photochemistry :
Remainder of title an introduction /
260 ## - PUBLICATION, DISTRIBUTION, ETC. (IMPRINT)
Place of publication, distribution, etc USA :
Name of publisher, distributor, etc University Science Books,
Date of publication, distribution, etc 2009.
300 ## - PHYSICAL DESCRIPTION
Extent xxi, 495 p.; pbk
650 ## - SUBJECT ADDED ENTRY--TOPICAL TERM
Topical term or geographic name as entry element Molecular
650 ## - SUBJECT ADDED ENTRY--TOPICAL TERM
Topical term or geographic name as entry element Organic
650 ## - SUBJECT ADDED ENTRY--TOPICAL TERM
Topical term or geographic name as entry element Photochemistry
700 ## - ADDED ENTRY--PERSONAL NAME
Personal name Ramamurthy, J.
700 ## - ADDED ENTRY--PERSONAL NAME
Personal name Scaiano, J. C.
942 ## - ADDED ENTRY ELEMENTS (KOHA)
Koha item type Text Books
Holdings
Date last seen Total Checkouts Total Renewals Full call number Barcode Date checked out Copy number Price effective from Koha item type Lost status Source of classification or shelving scheme Damaged status Not for loan Withdrawn status Home library Current library Shelving location Date acquired Collection code Source of acquisition
22/10/2025 16 16 541/.35 13671 22/10/2025 1 07/02/2014 General Books   Dewey Decimal Classification       CUTN Central Library CUTN Central Library Sciences 07/02/2014    
11/05/2026 1   541.35 TUR 54899 29/04/2026   22/01/2026 Text Books           CUTN Central Library CUTN Central Library Sciences 22/01/2026 Non-fiction Technical Buearu, New Delhi - Invoice No. - TB4434 on 07-03-2025